| Tag |
First Indicator |
Second Indicator |
Subfields |
| LEADER |
00000cam a2200000 a 4500 |
| 001 |
in00000096580 |
| 005 |
20150924084715.0 |
| 008 |
820408s1981 nyuaf b 00110aeng |
| 010 |
|
|
|a 81082839
|
| 020 |
|
|
|a 0818002328 :
|c $14.95
|
| 035 |
|
|
|a (OCoLC)07955244
|
| 035 |
|
|
|9 AAK8710AM
|
| 039 |
0 |
|
|a 2
|b 3
|c 3
|d 3
|e 3
|
| 040 |
|
|
|a DLC
|c DLC
|d TXA
|d UtOrBLW
|
| 043 |
|
|
|a n-us---
|
| 049 |
|
|
|a TXAM
|c [933672]
|
| 050 |
0 |
0 |
|a CT275 L2575
|b A38
|
| 082 |
0 |
|
|a 001.3/092/4
|a B
|2 19
|
| 100 |
1 |
|
|a Lamont, Corliss,
|d 1902-1995.
|
| 245 |
1 |
0 |
|a Yes to life :
|b memoirs of Corliss Lamont.
|
| 264 |
|
1 |
|a New York :
|b Horizon Press,
|c [1981]
|
| 264 |
|
4 |
|c ©1981
|
| 300 |
|
|
|a 220 pages, 8 unnumbered pages of plates :
|b illustrations ;
|c 26 cm.
|
| 336 |
|
|
|a text
|b txt
|2 rdacontent
|
| 337 |
|
|
|a unmediated
|b n
|2 rdamedia
|
| 338 |
|
|
|a volume
|b nc
|2 rdacarrier
|
| 500 |
|
|
|a Correction sheet inserted.
|
| 504 |
|
|
|a Includes bibliographical references and index.
|
| 600 |
1 |
0 |
|a Lamont, Corliss,
|d 1902-1995.
|
| 650 |
|
0 |
|a Humanists
|z United States
|x Biography.
|
| 999 |
|
|
|a MARS
|
| 999 |
f |
f |
|s 0cdd7de7-559e-3131-88ec-223501919eda
|i 39e1f8a9-b757-301f-8f0f-1883ce511c6f
|t 0
|
| 952 |
f |
f |
|p ric
|a Texas A&M University
|b Rellis Campus
|c Joint Library Facility
|d Remote Storage
|t 0
|e CT275 L2575 A38
|h Library of Congress classification
|i unmediated -- volume
|m A14806049106
|
| 998 |
f |
f |
|a CT275 L2575 A38
|t 0
|l Remote Storage
|